Wanderführer Arosa--Chur--Bündner Herrschaft : rund um die bündnerische Lebensader /

Saved in:
Bibliographic Details
Main Author: Fischer, Rolf.
Other Authors: Donatsch, Peter.
Format: Book
Language:German
Published: Bern : Kümmerly + Frey, c1996.
Subjects:
Tags: Add Tag
No Tags, Be the first to tag this record!
LEADER 00772nam a22002177a 4500
001 007724076-6
005 20020606104010.5
008 980303s1996 sz 000|0 ger d
020 |a 3259036040 
035 0 |a ocm44568460 
043 |a e-sz--- 
100 1 |a Fischer, Rolf. 
245 1 0 |a Wanderführer Arosa--Chur--Bündner Herrschaft :  |b rund um die bündnerische Lebensader /  |c Bearbeitung, Rolf Fischer, Georg Jäger, Hans Danuser ; Fotos, Peter Donatsch ... [et al.]. 
260 |a Bern :  |b Kümmerly + Frey,  |c c1996. 
300 |a 96 p. :  |b ill., maps ;  |c 18 cm. 
650 0 |a Hiking  |z Switzerland  |z Graubünden  |v Guidebooks. 
651 0 |a Arosa (Switzerland)  |v Guidebooks. 
651 0 |a Chur (Switzerland)  |v Guidebooks. 
700 1 |a Donatsch, Peter. 
988 |a 20020608 
906 |0 MH